| 000 | 01062nam a22002537a 4500 | ||
|---|---|---|---|
| 005 | 20170124103100.0 | ||
| 010 | _aB-245665 | ||
| 020 |
_c400.00 _a8189462369 |
||
| 035 | _aB-245665 | ||
| 037 | _bCen Lib/Ret | ||
| 040 |
_aDPL _bHN |
||
| 082 |
_a540.7 _bसेंगर |
||
| 100 |
_aसेंगर, एस. _943844 |
||
| 245 |
_aरसायन विज्ञान शिक्षण / _cएस. सेंगर |
||
| 246 |
_aRasayan vigyaan shikshan / _bby S. Sengar |
||
| 260 |
_aजयपुर _bश्री कविता प्रकाशन _c2007 |
||
| 270 | _bजयपुर | ||
| 300 |
_a256पृ. _c21सेमी (सजिल्द) |
||
| 650 |
_aरसायन विज्ञान--अर्थ और महत्व _976723 |
||
| 650 |
_aरसायन वज्ञान-- शिक्षण और पाठ्यक्रम _976724 |
||
| 650 |
_aChemistry--Meaning and Importance _976725 |
||
| 650 |
_aChemistry-- teaching and curriculum _976726 |
||
| 942 |
_2ddc _cHN _h540.7 _mसेंगर |
||
| 999 |
_c117769 _d117769 |
||